Регионална библиотека "Любен Каравелов" - Русе

Исторически съчинения (Запис номер 453223)

MARC детайли
000 -Лидер
Контролно поле с фиксирана дължина nam a22 a 4500
003 - Код на организацията, давaща контролен номер
Контролно поле BLK
005 - Дата и час на последна редакция
Контролно поле 20220413165856.0
008 - Елементи от данни с фиксирана дължина
fixed length control field 220413b bu |||||r|||| 00| | bu d
040 ## - Източник на каталожния запис
Идентификатор на билиотеката - собственик на записа BLK
041 ## - Код за език
Код за езика на текст/звукозапис или на отделно заглавие Български
Код за езика КДБФ Български
080 ## - УДК
Текстов определител УДК История на Рим (до 476 г. н. е.). Древен Рим
УДК код - определител по УДК 94(37)
УДК - код + определител 94(37)
100 ## - Редна дума - Автор
R(LIN) 1299
Автор Салустий, Крисп Гай
Авторска отговорност първи автор
139 ## - Редно поле
Редна дума Салустий, Крисп Гай
245 ## - Сведения за заглавието
Заглавие Исторически съчинения
Редно поле (дума) Салустий ;прев. от лат. Марко Марков, Недялка Георгиева ; ред., предг. и комент. Маргарита Тачева-Хитова
260 ## - Област на издателските данни
9 (RLIN) 209548
Място на издаване, разпространение и проч. София
Име на издателя, разпространителя и проч. Наука и изкуство
Година на издаване 1982
Издателство - префикс ISBN 978-954-02-
300 ## - Физическа характеристика
Страници 232 с.
Размери/Мащаб 22 см
380 ## - Жанр
Жанр История
490 ## - СЕРИИ (Колекции)
9 (RLIN) 208582
Име на серия Световно историческо наследство
650 #7 - Допълнително описание по предмет – тема
9 (RLIN) 157780
Основно описание – тема или топоним История - Древен Рим
653 #7 - Ключова дума – ненормативна
9 (RLIN) 185517
Ключова дума Древен Рим
653 #7 - Ключова дума – ненормативна
9 (RLIN) 187889
Ключова дума история
700 ## - Други автори (авторска отговорност)
9 (RLIN) 286748
Лично име Марков, Марко Стоилов
Автороска отговорност (Описва отношението между автора и произведението) прев. от лат.
700 ## - Други автори (авторска отговорност)
9 (RLIN) 1078
Лично име Георгиева, Недялка Спасова
Автороска отговорност (Описва отношението между автора и произведението) прев. от лат.
700 ## - Други автори (авторска отговорност)
9 (RLIN) 1343
Лично име Тачева, Маргарита Светославова
Автороска отговорност (Описва отношението между автора и произведението) ред., предг. и комент.
852 ## - Местоположение
Форматна сигнатура Цб 115427
Фондова буква Хранилище
999 ## - СИСТЕМНИ КОНТРОЛНИ НОМЕРА
Koha biblionumber 453223
Koha biblioitemnumber 453223
942 ## - АРТИКУЛИ
Вид на библиотечния материал Книги
Скрит в OPAC Не
Периодичен библиозапис Да
944 ## - СЪЗДАВАНЕ И РЕДАКЦИЯ на ЗАПИСА
Създаване/Редакция Създаване
Дата на регистрацията/редакция 2022-04-13
Служител, извършил регистрацията/редакцията Христина Везирева
Наличности
Код за отписване Код за изгубен артикул Източник на класификационната схема Код за повреда Коз за рестрикции Код за отдаване Артикулен № Име на библиотеката - собственик Име на библиотеката, в която се намира в момента Статус (Текущо местоположение) Дата на вписване в системата Местоположение - отдел Цена в лева Инвентарен номер Систематично азбучна сигнатура Баркод Цена в евро Служебен тип на артикула
  Не е изгубен Universal Decimal Classification Не е повреден само за читалня ползва се в читалня 881872 Регионална библиотека "Любен Каравелов" Русе Регионална библиотека "Любен Каравелов" Русе Хранилище 2022-04-18 Хранилище 2.60 356584 Цб 115427 120000356584 1.33 Книги
Vip Innovations Ltd, Rousse, Bulgaria 2025